|
|
|
|
| LEADER |
02437nam a2200685 i 4500 |
| 001 |
nkc20172943541 |
| 003 |
CZ PrNK |
| 005 |
20171116091345.0 |
| 007 |
ta |
| 008 |
171026s2017 xr e f 000 0dcze |
| 015 |
|
|
|a cnb002943541
|
| 020 |
|
|
|a 978-80-7172-687-6
|q (vázáno)
|
| 035 |
|
|
|a (OCoLC)1015193720
|
| 040 |
|
|
|a BOA001
|b cze
|d OLA001
|d ABA001
|e rda
|
| 041 |
1 |
|
|a cze
|h eng
|
| 072 |
|
7 |
|a 2-23/-27
|x Bible. Biblistika
|2 Konspekt
|9 5
|
| 080 |
|
|
|a 27-247.6
|2 MRF
|
| 080 |
|
|
|a 27-232/-236
|2 MRF
|
| 080 |
|
|
|a 27-277.2
|2 MRF
|
| 080 |
|
|
|a 2-474-256-277
|2 MRF
|
| 080 |
|
|
|a 2-231
|2 MRF
|
| 080 |
|
|
|a 279.14-1/-9
|2 MRF
|
| 080 |
|
|
|a (035)
|2 MRF
|
| 100 |
1 |
|
|a Knight, George R.,
|d 1941-
|7 jn20020717058
|4 aut
|
| 240 |
1 |
0 |
|a Exploring Mark.
|l Česky
|
| 245 |
1 |
0 |
|a Marek :
|b evangelium Ježíše Krista, syna Božího /
|c George R. Knight ; překlad Fabiána Tetamenti
|
| 246 |
3 |
0 |
|a Evangelium Ježíše Krista, syna Božího
|
| 250 |
|
|
|a Vydání první
|
| 264 |
|
1 |
|a Praha :
|b Advent-Orion, spol. s r.o.,
|c 2017
|
| 300 |
|
|
|a 278 stran ;
|c 22 cm
|
| 336 |
|
|
|a text
|b txt
|2 rdacontent
|
| 337 |
|
|
|a bez média
|b n
|2 rdamedia
|
| 338 |
|
|
|a svazek
|b nc
|2 rdacarrier
|
| 490 |
1 |
|
|a Bible pro dnešek
|
| 500 |
|
|
|a Přeloženo z angličtiny
|
| 500 |
|
|
|a V prelimináriích: Adventistický teologický institut
|
| 504 |
|
|
|a Obsahuje bibliografii a bibliografické odkazy
|
| 630 |
0 |
7 |
|a Bible.
|p Marek
|7 unn2006374699
|2 czenas
|
| 630 |
0 |
9 |
|a Bible.
|p Mark
|2 eczenas
|
| 650 |
0 |
7 |
|a biblické texty
|7 ph118860
|2 czenas
|
| 650 |
0 |
7 |
|a biblická exegeze
|7 ph118844
|2 czenas
|
| 650 |
0 |
7 |
|a biblická interpretace
|7 ph118847
|2 czenas
|
| 650 |
0 |
7 |
|a biblické citáty
|7 ph118853
|2 czenas
|
| 650 |
0 |
7 |
|a učení adventismu
|7 ph139370
|2 czenas
|
| 650 |
0 |
9 |
|a Biblical texts
|2 eczenas
|
| 650 |
0 |
9 |
|a Biblical exegesis
|2 eczenas
|
| 650 |
0 |
9 |
|a Biblical interpretation
|2 eczenas
|
| 650 |
0 |
9 |
|a Biblical quotations
|2 eczenas
|
| 650 |
0 |
9 |
|a Adventist doctrine
|2 eczenas
|
| 655 |
|
7 |
|a příručky
|7 fd133209
|2 czenas
|
| 655 |
|
9 |
|a handbooks and manuals
|2 eczenas
|
| 700 |
1 |
|
|a Tetamenti, Fabiána
|4 trl
|
| 730 |
0 |
|
|a Bible.
|p Marek
|7 unn2006374699
|
| 710 |
2 |
|
|a Adventistický teologický institut
|7 mzk2017941624
|4 isb
|
| 830 |
|
0 |
|a Bible pro dnešek
|0 s
|
| 910 |
2 |
|
|a BOA001
|b 2-1396.409
|
| 990 |
|
|
|a BK
|
| 995 |
|
|
|a 01
|
| 991 |
|
|
|b 201711
|c NOV
|
| 996 |
6 |
|
|b 2610722769
|c 2-1396.409
|l MZK
|r Sklad / do 1 hodiny
|n 1
|p p.v.
|w 001637079
|u 000010
|a 1
|e BOA001
|j MZK50
|s P
|